The Muqaddimah: (Record no. 617407)
[ view plain ]
| 000 -LEADER | |
|---|---|
| fixed length control field | 01071cam a22003014a 4500 |
| 001 - CONTROL NUMBER | |
| control field | 13611481 |
| 003 - CONTROL NUMBER IDENTIFIER | |
| control field | Nust |
| 005 - DATE AND TIME OF LATEST TRANSACTION | |
| control field | 20260512120500.0 |
| 008 - FIXED-LENGTH DATA ELEMENTS--GENERAL INFORMATION | |
| fixed length control field | 040602r20051969nju i 001 0 eng |
| 010 ## - LIBRARY OF CONGRESS CONTROL NUMBER | |
| LC control number | 2004048684 |
| 020 ## - INTERNATIONAL STANDARD BOOK NUMBER | |
| International Standard Book Number | 0691120544 |
| 040 ## - CATALOGING SOURCE | |
| Original cataloging agency | DLC |
| Transcribing agency | DLC |
| Modifying agency | DLC |
| 041 1# - LANGUAGE CODE | |
| Language code of text/sound track or separate title | eng |
| Language code of original | ara |
| 042 ## - AUTHENTICATION CODE | |
| Authentication code | pcc |
| 050 00 - LIBRARY OF CONGRESS CALL NUMBER | |
| Classification number | D16.7 |
| Item number | .I24132 2005 |
| 082 00 - DEWEY DECIMAL CLASSIFICATION NUMBER | |
| Classification number | 901,KHA |
| 100 0# - MAIN ENTRY--PERSONAL NAME | |
| Personal name | Khaldun, Ibn |
| Dates associated with a name | 1332-1406. |
| 9 (RLIN) | 134412 |
| 245 14 - TITLE STATEMENT | |
| Title | The Muqaddimah: |
| Remainder of title | an introduction to history / |
| Statement of responsibility, etc. | Ibn Khaldun ; translated and introduced by Franz Rosenthal ; abridged and edited by N.J. Dawood. |
| 260 ## - PUBLICATION, DISTRIBUTION, ETC. | |
| Place of publication, distribution, etc. | New York |
| Name of publisher, distributor, etc. | Princeton University Press, |
| Date of publication, distribution, etc. | 2005. |
| 300 ## - PHYSICAL DESCRIPTION | |
| Extent | xliv, 465 p. ; |
| Dimensions | 20 cm. |
| 650 #0 - SUBJECT ADDED ENTRY--TOPICAL TERM | |
| Topical term or geographic name entry element | History |
| General subdivision | Philosophy |
| Form subdivision | Early works to 1800. |
| 9 (RLIN) | 134413 |
| 650 #0 - SUBJECT ADDED ENTRY--TOPICAL TERM | |
| Topical term or geographic name entry element | Civilization |
| Form subdivision | Early works to 1800. |
| 9 (RLIN) | 134414 |
| 700 1# - ADDED ENTRY--PERSONAL NAME | |
| Personal name | Rosenthal, Franz, |
| Dates associated with a name | 1914-2003. |
| 9 (RLIN) | 134415 |
| 700 1# - ADDED ENTRY--PERSONAL NAME | |
| Personal name | Dawood, N. J. |
| 9 (RLIN) | 12166 |
| 700 1# - ADDED ENTRY--PERSONAL NAME | |
| Personal name | Lawrence, Bruce B. |
| 9 (RLIN) | 134416 |
| 856 42 - ELECTRONIC LOCATION AND ACCESS | |
| Materials specified | Publisher description |
| Uniform Resource Identifier | <a href="http://www.loc.gov/catdir/description/prin051/2004048684.html">http://www.loc.gov/catdir/description/prin051/2004048684.html</a> |
| 942 ## - ADDED ENTRY ELEMENTS (KOHA) | |
| Source of classification or shelving scheme | |
| Koha item type | Book |
| Call number prefix | 901,KHA |
| Withdrawn status | Lost status | Source of classification or shelving scheme | Damaged status | Not for loan | Permanent Location | Current Location | Shelving location | Date acquired | Total Checkouts | Full call number | Barcode | Date last seen | Price effective from | Koha item type |
|---|---|---|---|---|---|---|---|---|---|---|---|---|---|---|
| Military College of Signals (MCS) | Military College of Signals (MCS) | General Stacks | 05/12/2026 | 901,KHA | MCS38981 | 05/12/2026 | 05/12/2026 | Book |
